000 00949nas a2200325 4500
001 BR2013004134
003 BR-BrBNA
005 20231205122422.0
007 ta
008 230509b bl.|||p| |||| 00| 00por d
040 _aBR-BrBNA
_bpor
_cBiblioteca Nacional de Agricultura
041 _a(Pt)
072 _aF08; P35
100 1 _aSantos, H.P. dos
100 1 _aSpera, S.T.
100 1 _aTomm, G.O.
100 1 _aKochann, R.A.
100 1 _aÁvila, A.
245 1 _aEfeito de sistemas de manejo de solo e de rotação de culturas na fertilidade do solo, após vinte anos
650 _aTRIGO
650 _aSOJA
650 _aMILHO
650 _aERVILHAÇA
650 _aROTAÇÃO DE CULTURA
650 _aFERTILIDADE DO SOLO
650 _aACIDEZ DO SOLO
773 0 _tBragantia (Brazil)
_xISSN 0006-8705
_g(apr-jun 2008), v. 67(2) p. 441-454
_wBR2013004134
909 _a202311
_bLúcia
_c55
_dLúcia Elande
942 _2AGRIS
_n0
_cANA
999 _c228548
_d228548